O cavalinho das sete cores (Registo nº 2164)
[ vista simples ]
| 000 -Etiqueta do registo | |
|---|---|
| Cabeçalho | 00708nam a22002171 4500 |
| 005 - Identificador da versão | |
| Campo de controlo | 20240827114750.0 |
| 100 ## - Dados gerais de processamento | |
| Dados gerais de processamento | 19991028f19801990m y0pory5003 ba |
| 101 0# - Língua de publicação | |
| Língua do texto, banda sonora, etc. | Português |
| 102 ## - Pais de publicação ou produção | |
| País de publicação | Portugal |
| 105 ## - Campo de dados codificados: livros | |
| Dados codificados dos livros | a z 001fy |
| 200 1# - Titulo e menção de responsabilidade | |
| Título próprio | O cavalinho das sete cores |
| Informação de outro título | o coelhinho branco, meu São Benedito..., o touro azul |
| Primeira menção de responsabilidade | texto de Ricardo Alberty |
| Outras menções de responsabilidade | il. Luís Duran |
| 210 ## - Publicação, Distribuição, etc. | |
| Lugar da edição, distribuição, etc. | Lisboa |
| Nome do editor, distribuidor, etc. | Didáctica |
| Data da publicação, distribuição, etc. | [198-?] |
| 215 ## - Descrição física | |
| Indicação específica da natureza do documento e extensão da espécie | 45 p. |
| Outras indicações físicas | il. |
| Dimensões | 25 cm |
| 225 2# - Colecção | |
| Título próprio da colecção | Contos tradicionais portugueses |
| 606 ## - Nome comum usado como assunto | |
| Número de registo de entrada de autoridade | 0000364 |
| Palavra de ordem | Literatura portuguesa infanto-juvenil |
| Subdivisão de assunto | Conto |
| 675 ## - Classificação Decimal Universal (CDU) | |
| Notação | 821.134.3-34 |
| Edição | 2ª |
| Língua da edição | por |
| 700 #1 - Nome de autor-pessoa física (responsabilidade principal) | |
| Número de registo de entrada de autoridade | 0000596 |
| Palavra de ordem | Alberty |
| Outra parte do nome não tomada para palavra de ordem | Ricardo |
| Datas | 1919-1992 |
| 702 #1 - Nome de autor-pessoa física (responsabilidade secundária) | |
| Número de registo de entrada de autoridade | 0000970 |
| Palavra de ordem | Duran |
| Outra parte do nome não tomada para palavra de ordem | Luís |
| Código de função | Ilustrador / Técnico de desenho computorizado |
| 942 ## - Elementos de entrada adicionados (Koha) | |
| Tipo de item no Koha | Livro |
| Situação do levantamento | Origin of item (home branch) (coded) | Biblioteca de empréstimo | Código de barras | Cota | Circulation type (not for loan) | Tipo de documento | Nota do exemplar | Damaged status |
|---|---|---|---|---|---|---|---|---|
| Biblioteca Escolar da Coca Maravilhas | Biblioteca Escolar da Coca Maravilhas | BECM4490/99 | 8POR ALB | Livro | Sem mensagem |
